Die sasanidischen Tonbullen vom Takht-i-Suleiman und die Probleme der sasanidischen Sphragistik

Elmentve itt :
Bibliográfiai részletek
Szerző: Göbl Robert
Dokumentumtípus: Cikk
Megjelent: [Akadémai Kiadó] [Budapest] 1971
Sorozat:Acta Antiqua Academiae Scientiarum Hungaricae
Kulcsszavak:Pecsét - szászánida
Tárgyszavak:
Online Access:http://misc.bibl.u-szeged.hu/65656
LEADER 00822nab a2200217 i 4500
001 misc65656
005 20230201105959.0
008 220326s1971 hu o 0|| ger d
040 |a SZTE Miscellanea Repozitórium  |b hun 
041 |a ger 
100 1 |a Göbl Robert 
245 1 4 |a Die sasanidischen Tonbullen vom Takht-i-Suleiman und die Probleme der sasanidischen Sphragistik  |h [elektronikus dokumentum] /  |c  Göbl Robert 
260 |a [Akadémai Kiadó]  |b [Budapest]  |c 1971 
300 |a 95-112  |c 24 cm 
490 0 |a Acta Antiqua Academiae Scientiarum Hungaricae 
561 |a Németh Gyula hagyaték 
591 |a NOP 2000 
650 4 |a Bölcsészettudományok 
650 4 |a Történettudomány és régészet 
695 |a Pecsét - szászánida 
856 4 0 |u http://misc.bibl.u-szeged.hu/65656/1/2000_nop_g56.pdf  |z Dokumentum-elérés